Mirando al futuro del desarrollo humano en América Latina y el Caribe

Uloženo v:
Podrobná bibliografie
Médium: Kniha
Jazyk:španělština
Vydáno: Sucre Programa de Cooperación UNICEF-UNESCO 1987
Témata:
Tagy: Přidat tag
Žádné tagy, Buďte první, kdo vytvoří štítek k tomuto záznamu!

MARC

LEADER 00000nam a2200000 a 4500
001 UCW6223
003 CL-VaPUC
008 911107e19870000BO |||||||||||||||||spa|d
082 0 4 |a 370.98  |b MIR  |2 21 
245 1 0 |a Mirando al futuro del desarrollo humano en América Latina y el Caribe 
300 |a 121 p 
942 |c BK 
945 |d 19911107 00:00:00 
260 |a Sucre  |b Programa de Cooperación UNICEF-UNESCO  |c 1987 
650 0 |a Educación  |9 258661 
650 0 |a Congresos  |9 257560 
651 0 |a América Latina   |9 255027 
651 7 |a ISLAS CARIBES  |2 CL-VaPUC  |9 255533 
583 |a last modification  |c 19911107 00:00:00  |k Rodrigo Vera 
999 |c 219368  |d 219366 
952 |0 0  |1 0  |4 0  |6 370_980000000000000_MIR_1987  |7 0  |8 A  |9 210226  |a BIBEDU  |b BIBEDU  |d 2019-11-15  |i 2782960  |o 370.98 MIR 1987  |p 2782960  |r 2019-11-15  |w 2019-11-15  |y BK  |k EDU 
952 |0 0  |1 0  |4 0  |6 370_980000000000000_MIR_1987  |7 0  |8 A  |9 210227  |a BIBEDU  |b BIBEDU  |d 2019-11-15  |i 2782979  |o 370.98 MIR 1987  |p 2782979  |r 2019-11-15  |w 2019-11-15  |y BK  |k EDU